Time series and dynamic model (Record no. 81324)

MARC details
000 -LEADER
fixed length control field 00891nam a2200217 a 4500
008 - FIXED-LENGTH DATA ELEMENTS--GENERAL INFORMATION
fixed length control field 070314s1997 ||||||||||||||||| || u
020 ## - INTERNATIONAL STANDARD BOOK NUMBER
International Standard Book Number 0521423082
050 ## - LIBRARY OF CONGRESS CALL NUMBER
Classification number HB 135 Gou
100 ## - MAIN ENTRY--PERSONAL NAME
Personal name Gourieroux, Christian
245 10 - TITLE STATEMENT
Title Time series and dynamic model
Statement of responsibility, etc. Christian Gourieroux
260 ## - PUBLICATION, DISTRIBUTION, ETC.
Place of publication, distribution, etc. Cambridge :
Name of publisher, distributor, etc. Cambridge University Press
Date of publication, distribution, etc. 1997
300 ## - PHYSICAL DESCRIPTION
Extent xv, 668p, ill.
350 ## -
-- 0.00
490 ## -
-- Themes in modern econometrics
650 ## - SUBJECT ADDED ENTRY--TOPICAL TERM
Topical term or geographic name entry element TIME-SERIES ANALYSIS
650 #0 - SUBJECT ADDED ENTRY--TOPICAL TERM
Topical term or geographic name entry element ECONOMICS, MATHEMATICAL
650 ## - SUBJECT ADDED ENTRY--TOPICAL TERM
Topical term or geographic name entry element ECONOMETRICS
650 #0 - SUBJECT ADDED ENTRY--TOPICAL TERM
Topical term or geographic name entry element ECONOMICS
995 ## -
-- MAIN LIBRARY OPEN ACCESS
-- 0.00
-- 729090
-- CBU-MAIN LIBRARY (Kitwe)
-- 1
-- 0.00
-- HB 135 Gou
-- 1
-- LOST
-- 729090
-- Main Library Open Access Collection
995 ## -
-- MAIN LIBRARY OPEN ACCESS
-- 0.00
-- 729090
-- CBU-MAIN LIBRARY (Kitwe)
-- 1
-- 0.00
-- HB 135 GOU
-- 1
-- AVAILABLE
-- Mar 14, 2007
-- 021065
-- Main Library Open Access Collection
999 ## -
-- 81324
-- 81324
Holdings
Withdrawn status Lost status Source of classification or shelving scheme Damaged status Not for loan Permanent Location Current Location Shelving location Date acquired Total Checkouts Full call number Barcode Date last seen Copy number Price effective from Koha item type
          CBU-MAIN LIBRARY, KITWE. CBU-MAIN LIBRARY, KITWE.   08/18/2023   HB 135 Gou 729090 08/18/2023 1 08/18/2023 MONOGRAPH
          CBU-MAIN LIBRARY, KITWE. CBU-MAIN LIBRARY, KITWE.   08/18/2023   HB 135 Gou 021065 08/18/2023 2 08/18/2023 MONOGRAPH